The devil is in the detail (Record no. 66754)
[ view plain ]
| 000 -LEADER | |
|---|---|
| fixed length control field | 01277cam a2200241 4500 |
| 001 - CONTROL NUMBER | |
| control field | ABS63867 |
| 008 - FIXED-LENGTH DATA ELEMENTS--GENERAL INFORMATION | |
| fixed length control field | 000000n2001 000 0 eng u |
| 035 ## - SYSTEM CONTROL NUMBER | |
| System control number | (Sirsi) u112094 |
| 100 ## - MAIN ENTRY--PERSONAL NAME | |
| Personal name | Bright, J. |
| 245 #4 - TITLE STATEMENT | |
| Title | The devil is in the detail |
| 260 ## - PUBLICATION, DISTRIBUTION, ETC. | |
| Date of publication, distribution, etc. | 2001 |
| 490 ## - SERIES STATEMENT | |
| Series statement | Housing Today |
| Volume/sequential designation | (223) 1 March 2001, 12-15(3) |
| 520 ## - SUMMARY, ETC. | |
| Summary, etc. | Discusses the possible effects of government rent reform and how it will affect local areas. Highlights a study by Professor Steve Wilcox at the York University Centre for Housing that argues Registered Social Landlords will find its effects unmanageable. In northern housing authority areas it has been calculated that average bedsit rents will be higher than current RSL rents. There are further problems with the government's choice of average full-time manual earnings as the yardstick for some of the rent alterations as this will mask poverty in some areas. Table of average earnings and rents across the country. |
| 590 ## - LOCAL NOTE (RLIN) | |
| Local note | ABS |
| 650 ## - SUBJECT ADDED ENTRY--TOPICAL TERM | |
| Topical term or geographic name entry element | RENT REFORM |
| 650 ## - SUBJECT ADDED ENTRY--TOPICAL TERM | |
| Topical term or geographic name entry element | REGISTERED SOCIAL LANDLORDS |
| 650 ## - SUBJECT ADDED ENTRY--TOPICAL TERM | |
| Topical term or geographic name entry element | YORK UNIVERSITY CENTRE FOR HOUSING |
| 650 ## - SUBJECT ADDED ENTRY--TOPICAL TERM | |
| Topical term or geographic name entry element | NORTHERN CONSORTIUM OF HOUSING AUTHORITIES |
| 650 ## - SUBJECT ADDED ENTRY--TOPICAL TERM | |
| Topical term or geographic name entry element | HOUSING ASSOCIATIONS |
| 650 ## - SUBJECT ADDED ENTRY--TOPICAL TERM | |
| Topical term or geographic name entry element | SOCIAL HOUSING |
| 690 ## - LOCAL SUBJECT ADDED ENTRY--TOPICAL TERM (OCLC, RLIN) | |
| Topical term or geographic name as entry element | Affordable housing |
| 9 (RLIN) | 6215 |
| 942 ## - ADDED ENTRY ELEMENTS (KOHA) | |
| Suppress in OPAC | 0 |
| Withdrawn status | Lost status | Source of classification or shelving scheme | Damaged status | Not for loan | Home library | Current library | Shelving location | Date acquired | Total Checkouts | Full call number | Barcode | Date last seen | Copy number | Price effective from | Koha item type |
|---|---|---|---|---|---|---|---|---|---|---|---|---|---|---|---|
| Dewey Decimal Classification | London | London | Journal article | 23/04/2001 | ABS63867 | 112094-1001 | 06/08/2019 | 1 | 06/08/2019 | Journal article |